Quizzes
Events
Quiz Creation
Community
Videos
Private Events
Remove Ads
Sign In
Join for FREE
Feedback
Dark Mode
Quiz Categories
Sports
Geography
Music
Movies
Television
Just For Fun
Miscellaneous
History
Literature
Language
Science
Gaming
Entertainment
Religion
Holiday
For Kids
Quiz Lab
Recent
Popular Today
Quiz Kudos Today
Editor Picks
Curator Picks
Quizzes by...
Day
Popularity
Type
Ratings
Length
Year
Community
Subscriptions
Recent Discussions
Orange Saloon
Badges
Playlists
Quests
Create
Leaderboards
Showdown
Live 5
Trivia Bingo
Activity
Puzzle Library
Sporcle Events
Private Events
Virtual Trivia
Globe League
Become a Host
Pub Owners
SporcleCon
Opinionation
Our Games
Videos
Blog
Mobile Apps
Partnerships
Remove Ads and Go Orange
Feedback
Just For Fun
Clickable
Get the Picture
Humor
Quick Pick
Word Ladder
Missing Word
Mixed Word
Blitz
Minefield
This or That
Alphabet
Color
Typing
Sporcle
Puzzle
Word Play
Follow That Line
Logic
Just For Fun
Clickable
Get the Picture
Humor
Quick Pick
Word Ladder
Missing Word
Mixed Word
Blitz
Minefield
This or That
Alphabet
Color
Typing
Sporcle
Puzzle
Word Play
Follow That Line
Logic
Random Quiz
Search Sporcle
×
Quiz Lab
Quiz Lab
Just For Fun
Numbers
Type in answers that appear in a list
Type in answers that appear in a list
Classic
Best Score? Go Orange.
The Shapes Quiz Stats
Can you name the shapes with these amounts of sides?
By
pikminpower
6m
30 Questions
81 Plays
81 Plays
81 Plays
Comments
Comments
Give Quiz Kudos
Give Quiz Kudos
-
- Ratings
hide this ad
More Info
Replay
Link that replays current quiz
Next Quiz
Link to next quiz in quiz playlist
You Got
0%
They Got
Avg Score
30%
Avg Friend Score
Upgrade to see
Score Distribution
Jump to the score distribution portion of the page
Score
0/30
Timer
06:00
0
Plays Today
Number of Sides
Shape Name
% Correct
3
Triangle
96.3%
4
Quadrilateral
96.3%
5
Pentagon
88.9%
8
Octagon
88.9%
6
Hexagon
85.2%
10
Decagon
76.5%
7
Heptagon
71.6%
9
Nonagon
66.7%
12
Dodecagon
45.7%
13
Tridecagon
24.7%
11
Hendecagon
19.8%
15
Pentadecagon
19.8%
16
Hexadecagon
19.8%
17
Heptadecagon
19.8%
18
Octadecagon
19.8%
Number of Sides
Shape Name
% Correct
14
Tetradecagon
14.8%
19
Enneadecagon
11.1%
20
Icosagon
8.6%
30
Triacontagon
4.9%
40
Tetracontagon
4.9%
50
Pentacontagon
4.9%
60
Hexacontagon
4.9%
70
Heptacontagon
4.9%
80
Octacontagon
3.7%
90
Enneacontagon
3.7%
100
Hectogon
3.7%
10,000
Myriagon
2.5%
1,000
Chiliagon
1.2%
100,000
Decemyriagon
0%
1,000,000
Hecatommyriagon
0%
Quiz Playlist
Details
Report
Send in Message
Add To Playlist
More Info:
No 3-D shapes are included. Only two dimensional shapes are present
Classic:
Type in answers that appear in a list
Last Updated: Feb 16, 2017
Quiz Scoreboard
CHALLENGE
Sign Up to Join the Scoreboard
Show All
Scores
Hide
Comments
May contain spoilers
Recently Published
An Introduction to Baseball
by treessimontrees
Sports
5m
Movies - When Are They Set?
by FPL_Elf
Movies
5m
Popular People in 1961
by mucciniale
History
6m
More to Explore
Quiz From the Vault
Featured Blog Post
Where Did the Easter Bunny Come From?
hide this ad
You Might Also Like...
Tags
Numbers Quiz
amount
shape
side
Today's Top Quizzes in Just For Fun
Browse Just For Fun
hide this ad
Today's Top Quizzes in Numbers
Browse Numbers
Top Contributed Quizzes in Just For Fun
1
Crossword Whiteout! 49
2
Harry Potter Logic - 'In Chains' II
3
Survivor Winners Logic Puzzle
4
Zeroing In: Just For Fun
5
Thermometer Puzzle 25
6
Word Ladder: Ahoy Matey
7
1-30 Clickable Mines
8
Aquarium Logic Puzzle 17
9
Big Thermometer Puzzle 21
10
Edinburgh Fringe jokes 2015
Explore More
Trending Topics
NBA
Crossword
Anime
Disney
Kpop
Marvel
Harry Potter
The Office
NFL
Country
Song
Puzzle
Pokémon
WWE
Soccer
hide this ad
More By:
pikminpower
Quiz
Plays
Rating
Category
Featured
Created
United States Capitals
2,577
3.44
Geography
Jan 21, 2011
Everybody Loves Raymond Characters
2,573
3.70
Television
Dec 27, 2010
Name 45 different Nintendo franchises
1,562
2.37
Gaming
Nov 8, 2010
Rooms in Luigi's Mansion
749
4.20
Gaming
Jan 31, 2011
Nintendo characters to the franchise
435
2.50
Gaming
Oct 17, 2010
Go to Creator's Profile
Score Distribution
Quiz Creator Spotlight
pikminpower
Follow
Send a Message
Quizzes Created
-
Created Quiz Play Count
-
More By This Creator
Popular Quizzes Today
1
Find the Countries of Europe - No Outlines Minefield
2
Find the US States - No Outlines Minefield
3
The Countries of the World
4
Popular People in 1961
5
US States
6
1-10 Letter E Words III
7
Find the US States
8
One Thing in Common: World Cities II
More Just For Fun Quizzes
Quick Pick: Is It Less Than 25?
Published
Trending Quizzes
Risky Map Clicking: Least Populous States A-Z
1-10 Letter F Words
1-10 Letter G Words
One Thing in Common: United Kingdom
Risky Map Clicking: Next State Alphabetically
Recently Updated
Leaping Animals
pecheneg
Reality TV Shows (A-Z)
bhenderson79
Rickey Henderson's Hall of Fame Teammates
pecheneg
Champions League XIs: Arsenal
pecheneg
Quick Pick: Celebrities in WWE's Hall of Fame
aduchscher
A-Z Keypad Blitz II
pecheneg
Multiple Oscar Actors
pecheneg
Mystery Phrase Blitz: Oscar 'Best Actors'
pecheneg
F. Scott Fitzgerald Novels
LTH
Pick 3 Villains
ddd62291
Trending Topics
Harry Potter
Disney
Crossword
NBA
Marvel
Kpop
Anime
Country
Song
NFL
Soccer
Pokémon
The Office
Puzzle
WWE
Your Account Isn't Verified!
In order to create a playlist on Sporcle, you need to verify the email address you used during registration. Go to your
Sporcle Settings
to finish the process.
Report this User
Report this user for behavior that violates our
Community Guidelines
.
Details:
Send Report
Go to the Sporcle.com Mobile Site →
Comments